Original Sesame Street Quiz Stats

 Plays Quiz Updated Jan 10, 2016

Challenge
Share
Tweet
Embed
Score 0/15 Timer 05:00
3 Plays Today
% Correct
Big Bird
97.6%
Bert
94.1%
Cookie Monster
93.7%
Ernie
91.8%
Oscar the Grouch
88.1%
Grover
85.9%
Kermit the Frog
82.1%
Mr. Hooper
74.4%
% Correct
Gordon
64%
Bob
51.9%
Susan
41.9%
Guy Smiley
40.2%
Roosevelt Franklin
30.1%
Betty Lou
25.8%
Little Bird
20.3%

You're not logged in!

Compare scores with friends on all Sporcle quizzes.
OR
Log In

You Might Also Like...

Show Comments

Extras

Top Quizzes Today


Score Distribution

Your Account Isn't Verified!

In order to create a playlist on Sporcle, you need to verify the email address you used during registration. Go to your Sporcle Settings to finish the process.

Report this User

Report this user for behavior that violates our Community Guidelines.

Details: